<?xml version="1.0" encoding="UTF-8"?>
<record
    xmlns:xsi="http://www.w3.org/2001/XMLSchema-instance"
    xsi:schemaLocation="http://www.loc.gov/MARC21/slim http://www.loc.gov/standards/marcxml/schema/MARC21slim.xsd"
    xmlns="http://www.loc.gov/MARC21/slim">

  <leader>     nam a22     7a 4500</leader>
  <datafield tag="999" ind1=" " ind2=" ">
    <subfield code="c">232521</subfield>
    <subfield code="d">232521</subfield>
  </datafield>
  <controlfield tag="003">Nust</controlfield>
  <controlfield tag="005">20170220143756.0</controlfield>
  <controlfield tag="008">170220b        xxu||||| |||| 00| 0 eng d</controlfield>
  <datafield tag="010" ind1=" " ind2=" ">
    <subfield code="a">2007925588</subfield>
  </datafield>
  <datafield tag="020" ind1=" " ind2=" ">
    <subfield code="a">9780750681506</subfield>
  </datafield>
  <datafield tag="040" ind1=" " ind2=" ">
    <subfield code="a">DLC</subfield>
    <subfield code="b">DLC</subfield>
    <subfield code="c">RCMS</subfield>
  </datafield>
  <datafield tag="082" ind1=" " ind2=" ">
    <subfield code="2">2nd,ed.</subfield>
    <subfield code="a">623.873CAR</subfield>
  </datafield>
  <datafield tag="100" ind1=" " ind2=" ">
    <subfield code="a">Carlton John</subfield>
  </datafield>
  <datafield tag="245" ind1=" " ind2=" ">
    <subfield code="a">Marine Propellers And Propulision</subfield>
    <subfield code="c">Carlton John</subfield>
  </datafield>
  <datafield tag="260" ind1=" " ind2=" ">
    <subfield code="a">UK</subfield>
    <subfield code="b">Elsevier </subfield>
    <subfield code="c">c2007</subfield>
  </datafield>
  <datafield tag="300" ind1=" " ind2=" ">
    <subfield code="a">xxi, 533 p. :</subfield>
    <subfield code="b">ill. ;</subfield>
    <subfield code="c">26 cm.</subfield>
  </datafield>
  <datafield tag="650" ind1=" " ind2=" ">
    <subfield code="a">Propellers </subfield>
  </datafield>
  <datafield tag="856" ind1=" " ind2=" ">
    <subfield code="3">Table of contents only</subfield>
    <subfield code="u">http://www.loc.gov/catdir/toc/ecip0716/2007017469.html</subfield>
  </datafield>
  <datafield tag="942" ind1=" " ind2=" ">
    <subfield code="2">ddc</subfield>
    <subfield code="c">BK</subfield>
  </datafield>
  <datafield tag="952" ind1=" " ind2=" ">
    <subfield code="0">0</subfield>
    <subfield code="1">0</subfield>
    <subfield code="2">ddc</subfield>
    <subfield code="4">0</subfield>
    <subfield code="7">0</subfield>
    <subfield code="a">RCMS</subfield>
    <subfield code="b">RCMS</subfield>
    <subfield code="c">GEN</subfield>
    <subfield code="d">2017-02-20</subfield>
    <subfield code="l">1</subfield>
    <subfield code="m">3</subfield>
    <subfield code="o">623.873CAR</subfield>
    <subfield code="p">RCMS002967</subfield>
    <subfield code="q">2024-03-05</subfield>
    <subfield code="r">2021-04-19</subfield>
    <subfield code="s">2021-04-19</subfield>
    <subfield code="w">2017-02-20</subfield>
    <subfield code="y">BK</subfield>
  </datafield>
</record>
